Birds : A photographic guide to the birds of Peninsular Malaysia and Singapore

Bibliographic Details
Main Author: STRANGE
Format: Book
Published: Singapore : Sun Tree Pub. , 1999
Subjects:

MARC

LEADER 00000cam a2200000 7i4500
001 0000000170
005 20000717.0
020 0 0 |a 9810032900 
090 0 0 |a MR598.29595   |b STR 1999 
100 1 0 |a STRANGE   |h Morten 
245 1 0 |a Birds :   |b A photographic guide to the birds of Peninsular Malaysia and Singapore   |c Morten Strange and Allen Jeyarajasingam 
260 0 0 |a Singapore :   |b Sun Tree Pub. ,   |c 1999 
300 |a 258 p. :   |b col. ill. ;   |c 23 cm. 
500 0 0 |a Bibliography: [p. 251-252] and index 
650 0 0 |a Birds   |z Peninsular Malaysia 
650 0 0 |a Birds   |z Singapore 
999 |a 0000000972   |b Monograph   |c Reference   |e Default branch 
999 |a 0000001392   |b Monograph   |c Open Shelf   |e Default branch